[Event "Gelsenkirchen Silvester op 3rd"]
[Site "Gelsenkirchen"]
[Date "2015.12.28"]
[Round "3"]
[White "Gawlick, Joachim"]
[Black "Riese, Manfred"]
[Result "0-1"]
[WhiteElo "1849"]
[BlackElo "1860"]
[PlyCount "100"]
[EventDate "2015.12.27"]
[EventType "swiss"]
[EventRounds "5"]
[EventCountry "GER"]
[SourceTitle "EXT 2019"]
[Source "ChessBase"]
[SourceDate "2018.10.10"]
[SourceVersion "1"]
[SourceVersionDate "2018.10.10"]
[SourceQuality "1"]

1. d4 d6 2. Nf3 Nf6 3. g3 g6 4. Bg2 Bg7 5. 0-0 0-0 6. c4 c6 7. Nc3 Bg4 8. h3 Bxf3 9. Bxf3 Nbd7 10. b3 Re8 11. Qc2 Rc8 12. a4 a6 13. a5 e5 14. e3 d5 15. c5 exd4 16. exd4 Nf8 17. b4 Ne6 18. Be3 Nd7 19. Rad1 f5 20. Ne2 Nf6 21. Bg2 Ne4 22. f3 Nxg3 23. Nxg3 f4 24. Bxf4 Nxf4 25. Rf2 Qg5 26. Kh2 Ne6 27. Ne2 Qe3 28. Rff1 Nxd4 29. Nxd4 Bxd4 30. f4 Qc3 31. Qb1 Bg7 32. Qa2 Rf8 33. Rf3 Qb2 34. Qa4 Rce8 35. Rdf1 Re2 36. Rg3 Qd2 37. Rg4 Rf2 38. Rd1 Qe2 39. Qb3 R8xf4 40. Rg3 Be5 41. Kh1 Rf1+ 42. Rxf1 Rxf1+ 43. Bxf1 Qxf1+ 44. Rg1 Qf4 45. Rg2 Kg7 46. Qb1 Qf3 47. Qe1 Qxh3+ 48. Kg1 Bd4+ 49. Rf2 Qg3+ 50. Kf1 Qxf2+ 0-1

[Event "Ruhrgebiet Verbandsklasse Gruppe 2 1516"]
[Site "Germany"]
[Date "2015.09.27"]
[Round "2.5"]
[White "Gawlick, Joachim"]
[Black "Degner, Friedhelm"]
[Result "1-0"]
[WhiteElo "1849"]
[BlackElo "1802"]
[PlyCount "141"]
[EventDate "2015.09.06"]
[EventType "team-tourn"]
[EventRounds "9"]
[EventCountry "GER"]
[SourceTitle "EXT 2022"]
[Source "ChessBase"]
[SourceDate "2021.10.06"]
[SourceVersion "1"]
[SourceVersionDate "2021.10.06"]
[SourceQuality "1"]
[WhiteTeam "Gerthe Werne"]
[BlackTeam "Essen SK Germania Kupferdreh"]
[WhiteTeamCountry "GER"]
[BlackTeamCountry "GER"]

1. d4 Nf6 2. Nf3 d5 3. g3 Bf5 4. c4 c6 5. Nc3 e6 6. Qb3 Qb6 7. Bg2 Bd6 8. c5 Qxb3 9. axb3 Bc7 10. 0-0 Nbd7 11. Nh4 Bc2 12. b4 h6 13. b5 0-0 14. Re1 g5 15. Nf3 Rfc8 16. b4 Ne4 17. Nxe4 Bxe4 18. bxc6 bxc6 19. Bd2 a6 20. Bc3 Ra7 21. Ra2 g4 22. Nd2 Bxg2 23. Kxg2 f5 24. Rea1 Nb8 25. h3 h5 26. hxg4 hxg4 27. Rh1 Kg7 28. f3 Rh8 29. Rxh8 Kxh8 30. fxg4 fxg4 31. e4 Bd8 32. exd5 exd5 33. Nf1 Re7 34. Rf2 Nd7 35. Bd2 Re4 36. Be3 Kg7 37. Ra2 Nb8 38. Bf4 Rxd4 39. Bxb8 Rxb4 40. Be5+ Kg6 41. Rxa6 Kf5 42. Bf4 Rb2+ 43. Kg1 Bf6 44. Rxc6 Rb1 45. Kf2 Rb2+ 46. Nd2 Be5 47. Bxe5 Kxe5 48. Ke3 Rc2 49. Rc8 Rc3+ 50. Kf2 Kd4 51. c6 Kd3 52. Nf1 Rc2+ 53. Kg1 Rc1 54. c7 d4 55. Rg8 Rxc7 56. Rxg4 Rd7 57. Rf4 Kc3 58. Kg2 d3 59. Rf2 Re7 60. g4 Re4 61. Kf3 Kd4 62. Kg3 Kc3 63. g5 Re5 64. Kg4 Re2 65. Rf3 Kd4 66. g6 Re7 67. Kf5 Ra7 68. Kf6 Ra2 69. g7 Rg2 70. Kf7 Ke4 71. Rf6 1-0

[Event "Ruhrgebiet Verbandsliga Gruppe 1 1415"]
[Site "Germany"]
[Date "2015.03.01"]
[Round "7.6"]
[White "Gawlick, Joachim"]
[Black "Langer, Raimund"]
[Result "1/2-1/2"]
[WhiteElo "1836"]
[BlackElo "1807"]
[PlyCount "121"]
[EventDate "2014.09.21"]
[EventType "team-tourn"]
[EventRounds "9"]
[EventCountry "GER"]
[SourceTitle "EXT 2022"]
[Source "ChessBase"]
[SourceDate "2021.10.06"]
[SourceVersion "1"]
[SourceVersionDate "2021.10.06"]
[SourceQuality "1"]
[WhiteTeam "Gerthe Werne"]
[BlackTeam "Kirchhellen SF"]
[WhiteTeamCountry "GER"]
[BlackTeamCountry "GER"]

1. d4 Nf6 2. Nf3 e6 3. c4 b6 4. Nc3 Bb4 5. a3 Bxc3+ 6. bxc3 Bb7 7. e3 0-0 8. Bd3 Ne4 9. Qc2 f5 10. a4 d6 11. a5 c5 12. axb6 axb6 13. Rxa8 Bxa8 14. Bb2 Nd7 15. 0-0 Bc6 16. d5 exd5 17. cxd5 Bxd5 18. c4 Bc6 19. Rd1 Ndf6 20. h3 Qe7 21. Qb3 Nd7 22. Ra1 Ra8 23. Rxa8+ Bxa8 24. Qa4 Qd8 25. Qa1 Ndf6 26. Nh4 Qc8 27. Nxf5 Qxf5 28. Qxa8+ Kf7 29. f3 Qg5 30. Qb7+ Kf8 31. Bc1 Ng3 32. Qxb6 Qe5 33. Qb2 Qe6 34. Qc2 g6 35. Qf2 Nf5 36. g4 Ne7 37. Kg2 Nc6 38. Qb2 Ne5 39. Be2 Ke7 40. Qb7+ Nfd7 41. Qd5 Qf6 42. Bb2 Qh4 43. f4 Qe1 44. Bf1 Qb1 45. Qd2 Qe4+ 46. Kf2 Nxc4 47. Bxc4 Qxc4 48. Bg7 Qe4 49. Bh6 c4 50. Bg5+ Ke6 51. Qc3 Nc5 52. Qf6+ Kd5 53. Qf7+ Kc6 54. f5 Nd3+ 55. Kg3 Ne5 56. Qe8+ Kc5 57. Qc8+ Kb4 58. Qb8+ Kc3 59. Qxd6 Qf3+ 60. Kh2 Qf2+ 61. Kh1 1/2-1/2

[Event "Ruhrgebiet VK3 0001"]
[Site "Ruhrgebiet"]
[Date "2001.03.18"]
[Round "7"]
[White "Gawlick, Joachim"]
[Black "Heidel, Klaus"]
[Result "0-1"]
[WhiteElo "1759"]
[BlackElo "1797"]
[PlyCount "72"]
[EventDate "2000.09.17"]
[EventType "team-tourn"]
[EventRounds "9"]
[EventCountry "GER"]
[SourceTitle "EXT 2023"]
[Source "ChessBase"]
[SourceDate "2022.10.05"]
[SourceVersion "1"]
[SourceVersionDate "2022.10.05"]
[SourceQuality "1"]
[WhiteTeam "Bochum Post II"]
[BlackTeam "Drewer SG"]
[WhiteTeamCountry "GER"]
[BlackTeamCountry "GER"]

1. d4 d5 2. c4 c6 3. Nc3 Nf6 4. Nf3 e6 5. e3 Bd6 6. Bd3 dxc4 7. Bxc4 b5 8. Bd3 b4 9. Na4 Ba6 10. 0-0 Bxd3 11. Qxd3 Qa5 12. b3 Qd5 13. Re1 Ne4 14. Bb2 Nd7 15. Rad1 f6 16. Re2 0-0 17. Nd2 Qh5 18. f4 f5 19. Ree1 Ndf6 20. Nxe4 Nxe4 21. Qe2 Qh4 22. g3 Qh3 23. Qg2 Qg4 24. Qe2 Qg6 25. Rc1 Rac8 26. Kg2 h5 27. Qf3 h4 28. Rg1 Kf7 29. Rcd1 Rh8 30. Kf1 hxg3 31. hxg3 Rh2 32. Rg2 Rch8 33. Ke2 Rxg2+ 34. Qxg2 Qg4+ 35. Ke1 Nxg3 36. Rd2 Rh1+ 0-1

[Event "Bochum-ch"]
[Site "Bochum"]
[Date "1998.11.30"]
[Round "7"]
[White "Gawlick, Joachim"]
[Black "Boetzel, Martin"]
[Result "0-1"]
[WhiteElo "1400"]
[BlackElo "1845"]
[PlyCount "144"]
[EventDate "1998.10.19"]
[EventType "swiss"]
[EventRounds "7"]
[EventCountry "GER"]
[SourceTitle "EXT 2006"]
[Source "ChessBase"]
[SourceDate "2005.11.24"]
[SourceVersion "1"]
[SourceVersionDate "2005.11.24"]
[SourceQuality "1"]

1. Nf3 d5 2. e3 Bg4 3. b3 e6 4. Bb2 Nf6 5. Be2 c6 6. 0-0 Nbd7 7. d3 Qc7 8. c4 dxc4 9. bxc4 Rd8 10. Nc3 Bd6 11. h3 Bh5 12. Rc1 Bxf3 13. Bxf3 Ne5 14. d4 Nxc4 15. Ba1 Nb6 16. Qe2 Qe7 17. e4 Bf4 18. Rcd1 0-0 19. e5 Nfd5 20. Ne4 Nc8 21. g3 Bh6 22. Rfe1 Rfe8 23. Nc5 b6 24. Nd3 Qa3 25. Qc2 Nce7 26. Bb2 Qa5 27. Be4 g6 28. h4 Rc8 29. h5 Nb4 30. Nxb4 Qxb4 31. Bc3 Qa3 32. Bb2 Qa6 33. hxg6 hxg6 34. Bc1 Bxc1 35. Qxc1 Kg7 36. Kg2 Rh8 37. Qg5 Ng8 38. Rh1 Rxh1 39. Rxh1 Qb7 40. Qh4 Kf8 41. Qh8 Rc7 42. Qh4 Rd7 43. Qf4 Rxd4 44. Qf3 Kg7 45. Bxc6 Qc7 46. Be8 Rd8 47. Qc6 Qxc6+ 48. Bxc6 Rd2 49. a4 Ne7 50. Bb5 Rc2 51. Rf1 Nd5 52. Kf3 Nc3 53. Bd7 Ra2 54. Rc1 Ra3 55. Kg2 Kf8 56. Rc2 Ke7 57. Bb5 f6 58. exf6+ Kxf6 59. f4 e5 60. fxe5+ Kxe5 61. Be8 g5 62. Kh3 Nxa4 63. Kg4 Nc5 64. Kxg5 Rxg3+ 65. Kh4 Rg8 66. Bf7 Rg7 67. Bc4 Ne4 68. Bd3 Kf4 69. Bxe4 Kxe4 70. Rc4+ Kd5 71. Rc8 a5 72. Ra8 Kc5 0-1

[Event "Bochum-ch"]
[Site "Bochum"]
[Date "1998.11.16"]
[Round "5"]
[White "Riefenstahl, Holger"]
[Black "Gawlick, Joachim"]
[Result "1/2-1/2"]
[WhiteElo "1598"]
[BlackElo "1400"]
[PlyCount "80"]
[EventDate "1998.10.19"]
[EventType "swiss"]
[EventRounds "7"]
[EventCountry "GER"]
[SourceTitle "EXT 2006"]
[Source "ChessBase"]
[SourceDate "2005.11.24"]
[SourceVersion "1"]
[SourceVersionDate "2005.11.24"]
[SourceQuality "1"]

1. e4 e5 2. Nf3 Nf6 3. d4 Nxe4 4. Bd3 d5 5. Nxe5 Be7 6. c4 Nf6 7. 0-0 Nc6 8. Nxc6 bxc6 9. Qc2 Bb7 10. c5 h6 11. Nd2 0-0 12. Nf3 Nd7 13. Bd2 Bf6 14. Rfe1 Re8 15. Rxe8+ Qxe8 16. Re1 Qd8 17. Qc1 Nf8 18. Ne5 Bxe5 19. Rxe5 Qf6 20. Be3 Bc8 21. Re8 Bb7 22. Rxa8 Bxa8 23. Ba6 Qd8 24. b3 Qb8 25. f4 Bb7 26. Bxb7 Qxb7 27. f5 Qb4 28. Qd2 Qxd2 29. Bxd2 h5 30. Bf4 g6 31. fxg6 fxg6 32. Bxc7 Kf7 33. Kf2 g5 34. h3 h4 35. Kf3 Kg6 36. Kg4 Ne6 37. Be5 Nd8 38. a4 a6 39. b4 Ne6 40. a5 Nd8 1/2-1/2